Quo vadis výchova...? Zborník z vedeckého seminára, organizovaného Iuventou dňa 19.1. 1994 na tému "Hračky a kračka"

Bibliographic Details
Corporate Author: Quo vadis výchova...? Bratislava, Slovensko
Other Authors: Dúbravský, Viliam (Compiler)
Format: Conference Proceeding Book
Language:Slovak
PhysicalDescription:89 s. lit.
Published: Bratislava Iuventa 1994
ISBN:8085172437
Subjects:

MARC

LEADER 00000nam a22000001i 4500
001 vtls009644733
003 SK-MaSNL
005 20260301082421.0
008 130606s1994 xo bo r 001 slo
020 |a 8085172437 
035 |a (SVKBBclas03)vtls000011570 
040 |a SNK  |b slo  |c SNK  |e AACR2 
041 0 |a slo 
044 |a xo  |c SK 
080 |a 37.018.2(082)  |2 1981 
111 2 |a Quo vadis výchova...?  |n (3. :  |d 1994 :  |c Bratislava, Slovensko)  |9 171724 
245 1 0 |a Quo vadis výchova...?  |b Zborník z vedeckého seminára, organizovaného Iuventou dňa 19.1. 1994 na tému "Hračky a kračka"  |c Zost. Viliam Dúbravský 
260 |a Bratislava  |b Iuventa  |c 1994 
300 |a 89 s.  |b lit. 
650 0 7 |a výchovno-vzdelávací proces  |x hra a hračka  |x úloha  |2 hŠVKBB  |9 407319 
650 0 7 |a pedagogika  |2 hŠVKBB  |9 955 
655 7 |a zborníky  |2 hŠVKBB  |9 70165 
700 1 |a Dúbravský, Viliam  |4 com  |9 379774 
999 |c 658467  |d 660397 
952 |t P60, <04>, [BOOK], {604}  |a SNK  |b SNK  |y VYP  |7 0  |p 17A0039479  |o snkSC 86843 D1  |0 0  |1 0  |4 0  |d 1997-02-19  |l 0  |r 2004-12-31 00:00:00  |w 2026-02-23